Seminario Taller sobre Estrategias para el desarrollo del Plan Nacional de Alfabetización: informe final

Saved in:
Bibliografiske detaljer
Institution som forfatter: Comisión Nacional de Alfabetización Funcional y Educación Permanente. Ministerio de Educación (Author)
Format: Bog
Sprog:spansk
Udgivet: Buenos Aires Ministerio de Educación 1984
Fag:
Tags: Tilføj Tag
Ingen Tags, Vær først til at tagge denne postø!

MARC

LEADER 00000nam a2200000 a 4500
001 UCZ7156
003 CL-VaPUC
005 20231123085449.0
008 951222e19840000ag 1 spa d
082 0 4 |a 379.24  |b MIN  |2 21 
110 2 |a Comisión Nacional de Alfabetización Funcional y Educación Permanente. Ministerio de Educación  |e author  |9 617462 
245 1 0 |a Seminario Taller sobre Estrategias para el desarrollo del Plan Nacional de Alfabetización: informe final 
260 |a Buenos Aires  |b Ministerio de Educación  |c 1984 
300 |a 76 p 
583 |a last modification  |c 19951222 00:00:00  |k Rodrigo Vera 
650 0 0 |a Alfabetización   |9 310435 
650 0 0 |a Analfabetismo  |9 324360 
650 0 7 |a CAMPAÑAS DE ALFABETIZACION  |2 CL-VaPUC  |9 356423 
650 0 0 |a Programas de alfabetización   |9 335611 
650 0 0 |a Planificación de la educación   |9 307333 
650 0 0 |a Política educacional  |9 308011 
651 0 |a Argentina  |9 254888 
942 |c BK 
945 |a lriquelm  |d 19951222 00:00:00 
546 |a En Español 
536 |a UNESCO 
518 |p Seminario Taller sobre Estrategias para el Desarrollo del Plan Nacional de Alfabetización, Buenos Aires, 19 al 23 de Noviembre de 1984 
999 |c 382481  |d 382479 
952 |0 0  |1 0  |4 0  |6 379_240000000000000_MIN_1984  |7 0  |8 P  |9 504205  |a BIBEDU  |b BIBEDU  |c BIBEDU_PB  |d 2020-01-23  |i 1613774  |o 379.24 MIN 1984  |p 1613774  |r 2024-01-25  |w 2020-01-23  |y BK  |k EDU